| 000 | 00983njm a22002417a 4500 | ||
|---|---|---|---|
| 005 | 20100903145022.0 | ||
| 007 | sd ammalaaahaa | ||
| 008 | 100901t xxu||||| |||| 00| 0 hin d | ||
| 028 |
_aN.92544 _bHis Master's Voice |
||
| 028 |
_aOJW.2799 _bHis Master's Voice |
||
| 035 | _aGR-411 | ||
| 040 | _aSED/VEN | ||
| 100 |
_917815 _aManhar Varve |
||
| 245 |
_akaasht tarang-rag bhairavi / _cby Manhar Varve _h[sound recording] : _bInstumental |
||
| 246 | _aकाष्ट तरंग -राग भैरवी ( मनहर वर्वे ) पार्ट १ | ||
| 260 |
_aDum Dum, India _bHis Master's Voice |
||
| 300 |
_a1 sound disc : _banalog, 33 1/3 rpm _c10 in. |
||
| 500 | G | _aBrief record | |
| 505 | _aKaasht tarang rag bhairavi ( काष्ट तरंग राग भैरवी ) पार्ट २ | ||
| 650 |
_aClassical music _xExcerpts _zIndia _917813 |
||
| 942 |
_2ddc _cGR |
||
| 999 |
_c43602 _d43602 |
||